A solar water heater workshop manual /

Bibliographic Details
Main Author: Eklund, Ken
Corporate Author: Ecotope Group
Other Authors: Smith, Ken, 1945-
Format: Book
Language:English
Published: [Seattle] : Ecotope Group, [1979]
Edition:2nd ed.
Subjects:

MARC

Tag First Indicator Second Indicator Subfields
LEADER 00000cam a2200000 a 4500
001 in00000080927
005 20151008055335.0
008 790330s1979 waua b 00000 eng d
035 |a (OCoLC)04802099 
035 |9 AAJ3205AM 
040 |a TVA  |c TVA  |d GZU  |d OCL  |d m.c.  |d TXA  |d UtOrBLW 
049 |a TXAM  |c [1407003] 
090 |a TH6561.7  |b .E3 1979 
092 |a 696.6  |b E19s 
100 1 |a Eklund, Ken. 
245 1 2 |a A solar water heater workshop manual /  |c text by, Ken Eklund [and others]. 
250 |a 2nd ed. 
264 1 |a [Seattle] :  |b Ecotope Group,  |c [1979] 
264 4 |c ©1979 
300 |a 82 pages :  |b illustrations ;  |c 22 x 28 cm. 
336 |a text  |b txt  |2 rdacontent 
337 |a unmediated  |b n  |2 rdamedia 
338 |a volume  |b nc  |2 rdacarrier 
500 |a "Based upon the Ecotope/RAIN solar workshop manual of September, 1976 by Ken Smith and Lee Johnson including their substantial revision work ..." 
650 0 |a Solar water heaters. 
700 1 |a Smith, Ken,  |d 1945-  |t Ecotope/RAIN solar workshop manual. 
710 2 |a Ecotope Group. 
999 |a MARS 
999 f f |s 66c9e604-2b7b-338a-b3b5-3e666758446b  |i 0a92a502-a275-343a-a020-c78a6302c7cb  |t 0 
952 f f |p ric  |a Texas A&M University  |b Rellis Campus  |c Joint Library Facility  |d Remote Storage  |t 0  |e TH6561.7 .E3 1979  |h Library of Congress classification  |i unmediated -- volume  |m A14806247827 
998 f f |a TH6561.7 .E3 1979  |t 0  |l Remote Storage